Technické kreslenie pre 3. ročník SOU : štud. odb. 04-45-4 mechanik strojov a zariadení /

Hlavní autor: Holoubek, Zdeněk
Další autoři: Švercl, Josef, Leinveber, Jan
Jazyk: Slovenština
Vydáno: Bratislava : Alfa, 1987
Vydání: 1. vyd.
Edice: Edícia strojárskej literatúry (Alfa)
Témata:
Fyzický popis: 86s., [4] vol. příl. : il.
Knihy
Uloženo v:
LEADER 01034nam a2200289 a 4500
001 000485343
003 CZ BrMZK
005 20090227132438.0
007 ta
008 000307s1987 xo a 000 0 slo d
040 |a BOA001  |b cze  |c BOA002 
041 1 |a slo  |h cze 
080 |a 372.874.4:621(075.3):377.35  |2 MRF 
100 1 |a Holoubek, Zdeněk  |7 jx20040603003  |4 aut 
245 1 0 |a Technické kreslenie pre 3. ročník SOU :  |b štud. odb. 04-45-4 mechanik strojov a zariadení /  |c Zdeněk Holoubek 
250 |a 1. vyd. 
260 |a Bratislava :  |b Alfa,  |c 1987 
300 |a 86s., [4] vol. příl. :  |b il. 
490 1 |a Edícia strojárskej literatúry 
500 |a Bibliogr. na s. 86 
700 1 |a Švercl, Josef  |7 jk01131925  |4 aut 
700 1 |a Leinveber, Jan  |7 jk01071823  |4 aut 
830 0 |a Edícia strojárskej literatúry (Alfa)  |0 s 
910 |a BOA001  |b PK-N-0026.163 
964 |a Kreslení technické - učebnice (III) 
990 |a BK 
996 7 |b 3119836453  |c PK-N-0026.163  |l MZK  |r Sklad / do 1 hodiny  |n 0  |w 000485343  |u 000010  |a 1  |e BOA001  |j MZK50  |s A